| 000 | 01537cam a2200313 a 4500 | ||
|---|---|---|---|
| 999 |
_c329721 _d329721 |
||
| 001 | 14920403 | ||
| 003 | NUST | ||
| 005 | 20170518161708.0 | ||
| 008 | 070709s2007 vaua b 001 0 eng | ||
| 010 | _a 2007028370 | ||
| 020 | _a9780784408957 (pbk.) | ||
| 020 | _a0784408955 (pbk.) | ||
| 040 |
_aDLC _cDLC _dDLC |
||
| 050 | 0 | 0 |
_aTH438.4 _b.C63 2007 |
| 082 | 0 | 0 |
_a624.068 GAM _222 |
| 245 | 0 | 0 |
_aConstructability concepts and practice / _csponsored by The Construction Institute (CI) of the American Society of Civil Engineers [and] Constructability Committee, Construction Research Council ; edited by John A. Gambatese, James B. Pocock, Phillip S. Dunston. |
| 260 |
_aReston, Va. : _bAmerican Society of Civil Engineers, _cc2007. |
||
| 300 |
_av, 149 p. : _bill. ; _c22 cm. |
||
| 504 | _aIncludes bibliographical references and index. | ||
| 650 | 0 |
_aConstruction industry _xManagement. _9806 |
|
| 700 | 1 |
_aGambatese, John Anthony. _91113 |
|
| 700 | 1 |
_aPocock, James B. _91114 |
|
| 700 | 1 |
_aDunston, Phillip S. _91115 |
|
| 710 | 2 |
_aAmerican Society of Civil Engineers. _9702 |
|
| 710 | 2 |
_aConstruction Institute. _91116 |
|
| 710 | 2 |
_aConstruction Research Council (Washington, D.C.) _91117 |
|
| 856 | 4 | 1 |
_3Table of contents only _uhttp://www.loc.gov/catdir/toc/ecip0722/2007028370.html |
| 906 |
_a7 _bcbc _corignew _d1 _eecip _f20 _gy-gencatlg |
||
| 942 |
_2ddc _cBK |
||